000 00297nam a2200121Ia 4500
008 190216s9999||||xx |||||||||||||| ||und||
100 _a"Venugopalan K,Basheer V"
245 0 _aIndian Financial System
260 _bUniversity Of Calicut
_c2008
300 _a296
650 _aCommerce
942 _cBK
999 _c7537
_d7537